| 000 | 01546nam a2200289 4500 | ||
|---|---|---|---|
| 001 | 0000022927 | ||
| 003 | CO-CtgCURN | ||
| 005 | 20250429224130.0 | ||
| 007 | ta | ||
| 008 | 160627s2010 000 0 eng d | ||
| 020 | _a9789589960509 | ||
| 040 |
_aCO-CtgCURN _bspa _ccoctgcurn |
||
| 082 | 0 |
_a371.35 _bF198 |
|
| 100 | 1 | _aFals Borda, Orlando. | |
| 245 | 1 | 0 |
_aCatedra Latinoamericana : _bcapitulo permanente, catedra de los pueblos originarios / _cOrlando Fals Borda , compiladores, Becky Sanz de La Rosa, Jaime Irreño Cervantes. |
| 260 |
_aBogotá : _bUNAD, _c2010. |
||
| 300 | _a277 p. | ||
| 336 | _2rdacontent | ||
| 337 |
_2rdamedia _asin mediacion _bn |
||
| 338 |
_2rdacarrier _avolumen _bnc |
||
| 505 | 8 | _aEtnoeducación e interculturalidad como políticas y pedagogias de liberacion.--Propuesta de organizacion territorial de los pueblos afrodescendientes de Tumaco en la region del Pacifico.--Territorio y region en Colombia desde la Geografia Humana.--Plan estrategico de las Organizaciones Sociales.--Las políticas publicas vistas desde la organizacion social: el caso indigena en Colombia Observatorio Indigena de Seguimiento a Políticas Publicas y Derechos etnicos.--Materiales pedagogicos en el marco del conocimiento ancestral sobre plantas medicinales que fortalezcan el area de las Ciencias del Jardin Infantil Inga | |
| 650 | 1 | 4 | _aEducación. |
| 700 | 1 | _aSanz de La Rosa, Bechy. | |
| 908 | _a160627 | ||
| 942 |
_cBK _h371.35 _iF198 _2ddc |
||
| 999 |
_c40157 _d40157 |
||